[Event "Montreal op"]
[Site "Montreal CAN"]
[Date "2010.09.12"]
[Round "4"]
[White "Zhang, Zhiyuan"]
[Black "Libersan, Thierry"]
[Result "1/2-1/2"]
[WhiteElo "1937"]
[BlackElo "2141"]
[PlyCount "88"]
[EventDate "2010.09.10"]
[EventType "swiss"]
[EventRounds "5"]
[EventCountry "CAN"]

1. e4 c5 2. c3 d5 3. exd5 Qxd5 4. d4 Nf6 5. Nf3 Bg4 6. Be2 e6 7. O-O Be7 8. Be3
cxd4 9. cxd4 O-O 10. Nc3 Qd6 11. Qb3 Nbd7 12. Rfd1 Nb6 13. h3 Bh5 14. Rac1 Nbd5
15. Nb5 Qb6 16. Rc2 a6 17. Na3 Qxb3 18. axb3 Bg6 19. Rcc1 Nxe3 20. fxe3 Nd5 21.
Kf2 Rac8 22. Nc4 b5 23. Nce5 Bc2 24. Re1 f6 25. Nd7 Rfd8 26. Nc5 Bxc5 27. Rxc2
Bd6 28. Rec1 Rxc2 29. Rxc2 Nb4 30. Rc1 Kf7 31. g4 Rd7 32. Kg2 Ke7 33. Rc8 Rc7
34. Rxc7+ Bxc7 35. Kf2 g5 36. Ne1 h6 37. Nd3 Ba5 38. Nc5 Bb6 39. Nd3 Ba5 40.
Nc5 Bb6 41. Nd3 Nxd3+ 42. Bxd3 Ba5 43. Ke2 Kd6 44. Be4 Bb4 1/2-1/2

[Event "Montreal op"]
[Site "Montreal CAN"]
[Date "2010.09.12"]
[Round "5"]
[White "Desjardins, Michel"]
[Black "Dumont, Felix"]
[Result "0-1"]
[WhiteElo "1957"]
[BlackElo "2070"]
[PlyCount "82"]
[EventDate "2010.09.10"]
[EventType "swiss"]
[EventRounds "5"]
[EventCountry "CAN"]

1. e4 c5 2. Nc3 d6 3. g3 g6 4. Bg2 Bg7 5. d3 Nc6 6. Be3 e6 7. Qd2 Nge7 8. Bh6
O-O 9. Bxg7 Kxg7 10. h4 h6 11. h5 g5 12. f4 f6 13. Nf3 Nd4 14. O-O-O Nxf3 15.
Bxf3 Nc6 16. Rdf1 Nd4 17. Bg2 Rb8 18. Ne2 Nxe2+ 19. Qxe2 Bd7 20. e5 dxe5 21.
fxg5 hxg5 22. h6+ Kh8 23. Qe4 Bc6 24. Qe2 Bxg2 25. Qxg2 Qd5 26. Qh3 Qxa2 27. b3
Qa1+ 28. Kd2 Qa5+ 29. Ke2 Qb6 30. Qh5 Qc7 31. Qg6 Qf7 32. Qe4 Rbd8 33. Qa4 b6
34. Ra1 a5 35. Qb5 Qb7 36. Rh2 Rd4 37. c3 Qd7 38. Qxb6 Rxd3 39. Qxc5 Rd8 40.
Rxa5 Rd2+ 41. Ke3 Qd3# 0-1

[Event "Montreal op"]
[Site "Montreal CAN"]
[Date "2010.09.12"]
[Round "5"]
[White "Forget, David"]
[Black "Laurain, Guy"]
[Result "0-1"]
[WhiteElo "1925"]
[BlackElo "2105"]
[PlyCount "103"]
[EventDate "2010.09.10"]
[EventType "swiss"]
[EventRounds "5"]
[EventCountry "CAN"]

1. d4 Nf6 2. c4 d6 3. Nc3 g6 4. e4 Bg7 5. Nf3 O-O 6. Be2 e5 7. O-O Nc6 8. dxe5
dxe5 9. Qxd8 Rxd8 10. Bg5 Re8 11. Bxf6 Bxf6 12. Nd5 Bd8 13. Rfd1 Bg4 14. Rd3
Bxf3 15. Bxf3 Nd4 16. Rad1 c6 17. Nc3 Be7 18. Ne2 Bc5 19. Nxd4 Bxd4 20. Kf1 Kf8
21. Rb3 b6 22. Rd2 Ke7 23. Rbd3 Red8 24. Bd1 Bxb2 25. Rxd8 Rxd8 26. Rxd8 Kxd8
27. Ke2 Ke7 28. Kd3 Kd6 29. Bb3 Kc5 30. f3 Bd4 31. Bd1 f6 32. Be2 Kb4 33. Kc2
a6 34. Bf1 b5 35. cxb5 axb5 36. Be2 c5 37. Bf1 c4 38. Be2 f5 39. Bf1 Kc5 40.
exf5 gxf5 41. h3 f4 42. Be2 Ba1 43. Kb1 Bc3 44. Bd1 Kd4 45. Bc2 h6 46. h4 Ke3
47. Bf5 Kf2 48. Bh3 h5 49. Kc2 Bd4 50. Kd2 b4 51. Kc2 Kg3 52. Kd2 0-1

[Event "Montreal op"]
[Site "Montreal CAN"]
[Date "2010.09.12"]
[Round "5"]
[White "Forget, Luc"]
[Black "Le Duin, Thierry"]
[Result "1-0"]
[WhiteElo "1961"]
[BlackElo "1940"]
[PlyCount "93"]
[EventDate "2010.09.10"]
[EventType "swiss"]
[EventRounds "5"]
[EventCountry "CAN"]

1. d4 Nf6 2. c4 c5 3. d5 b5 4. cxb5 a6 5. bxa6 g6 6. Nc3 Bxa6 7. e4 Bxf1 8.
Kxf1 d6 9. g3 Bg7 10. Kg2 O-O 11. h3 Nbd7 12. Nf3 Qa5 13. Re1 Rfb8 14. Re2 Ne8
15. Rc2 Nc7 16. Qe2 Nb5 17. Nxb5 Qxb5 18. Qxb5 Rxb5 19. a3 Ra4 20. Re2 Nb6 21.
Ra2 Nc4 22. Ne1 Rb3 23. f4 Ra8 24. Nf3 Rab8 25. a4 Nxb2 26. Bxb2 Bxb2 27. a5
Bc3 28. a6 Ra8 29. Ra4 Bb4 30. e5 Kf8 31. exd6 exd6 32. Ng5 h6 33. Ne4 c4 34.
Rc2 c3 35. Kf3 f5 36. Nf2 Ba3 37. Nd1 Bb2 38. Ke3 Rb5 39. Nxc3 Bxc3 40. Rxc3
Rxd5 41. Rb3 Ra7 42. Rb7 Ra8 43. Ra3 Re8+ 44. Kf3 Rc5 45. a7 Rcc8 46. Rd3 Red8
47. Rdb3 1-0

[Event "Montreal op"]
[Site "Montreal CAN"]
[Date "2010.09.12"]
[Round "5"]
[White "Gauthier, Denis"]
[Black "Qin, Zi Yi (Joey)"]
[Result "0-1"]
[WhiteElo "1941"]
[BlackElo "2176"]
[PlyCount "116"]
[EventDate "2010.09.10"]
[EventType "swiss"]
[EventRounds "5"]
[EventCountry "CAN"]

1. d4 Nf6 2. c4 g6 3. Nc3 Bg7 4. Nf3 O-O 5. Bf4 d6 6. h3 Nbd7 7. e3 Re8 8. Be2
e5 9. dxe5 dxe5 10. Nxe5 Nh5 11. Nd3 Nxf4 12. Nxf4 c6 13. O-O Qa5 14. Qc2 Nc5
15. Bf3 Bf5 16. e4 Be6 17. a3 Bxc3 18. Nxe6 Rxe6 19. bxc3 Rae8 20. Rfe1 Re5 21.
Re3 Qa6 22. Qe2 Nb3 23. Rd1 Qxa3 24. Bg4 Nc5 25. Rd4 Qb3 26. f4 Rxe4 27. Rexe4
Rxe4 28. Rd8+ Kg7 29. Qd2 Qb6 30. Kh2 Qc7 31. g3 Qe7 32. h4 Nb3 33. Qd3 Re3 34.
Qd1 Re1 35. Qd3 Qc5 36. Bf3 Qg1+ 37. Kh3 Qf1+ 38. Kh2 Qxd3 39. Rxd3 a5 40. Rd8
a4 41. Ra8 Nc5 42. Ra5 b6 43. Ra7 Re6 44. Kg2 Kf6 45. g4 Rd6 46. g5+ Kg7 47.
Kf2 Rd7 48. Ra8 Rc7 49. Ke3 Re7+ 50. Kf2 Ne4+ 51. Bxe4 Rxe4 52. Rxa4 Rxf4+ 53.
Kg3 b5 54. Rb4 Rxc4 55. Rxc4 bxc4 56. Kf4 f6 57. Ke4 fxg5 58. hxg5 h5 0-1

[Event "Montreal op"]
[Site "Montreal CAN"]
[Date "2010.09.12"]
[Round "5"]
[White "Gerzhoy, Leonid"]
[Black "Khashper, Arkady"]
[Result "1-0"]
[WhiteElo "2450"]
[BlackElo "2118"]
[PlyCount "105"]
[EventDate "2010.09.10"]
[EventType "swiss"]
[EventRounds "5"]
[EventCountry "CAN"]

1. e4 e6 2. d4 d5 3. Nd2 Nf6 4. e5 Nfd7 5. Bd3 c5 6. c3 Nc6 7. Ne2 cxd4 8. cxd4
f6 9. exf6 Nxf6 10. O-O Bd6 11. Nf3 O-O 12. Bf4 Bxf4 13. Nxf4 Ne4 14. Nh5 g6
15. Ng3 Nxg3 16. hxg3 Qb6 17. Qa4 a6 18. Qb3 Qc7 19. Rac1 Qg7 20. Qb6 g5 21.
Rfe1 Bd7 22. Qxb7 Rab8 23. Qc7 g4 24. Ne5 Nxe5 25. Qxe5 Rxb2 26. Re2 Qxe5 27.
dxe5 Rb6 28. Rc7 Rf7 29. Rec2 Rb1+ 30. Rc1 Rxc1+ 31. Rxc1 Bb5 32. Rc8+ Kg7 33.
Bc2 Rd7 34. f4 gxf3 35. gxf3 d4 36. a4 Be2 37. Kf2 d3 38. Bb3 Rf7 39. f4 Bg4
40. Rd8 Bf5 41. Bc4 Rb7 42. Bxd3 Bxd3 43. Rxd3 Rb4 44. Rd6 Rxa4 45. Rxe6 Ra3
46. f5 h5 47. f6+ Kg6 48. Re7 Ra5 49. f7 Kg7 50. e6 Rf5+ 51. Kg2 a5 52. Re8 Rf6
53. Rg8+ 1-0

[Event "Montreal op"]
[Site "Montreal CAN"]
[Date "2010.09.12"]
[Round "5"]
[White "Hajiyev, Elshad"]
[Black "Sarrazin-Gendron, Roman"]
[Result "1-0"]
[WhiteElo "2107"]
[BlackElo "2018"]
[PlyCount "51"]
[EventDate "2010.09.10"]
[EventType "swiss"]
[EventRounds "5"]
[EventCountry "CAN"]

1. d4 Nf6 2. Nf3 g6 3. Bf4 Bg7 4. c3 b6 5. Nbd2 Bb7 6. e3 d5 7. Bd3 Ne4 8. h4
Nd7 9. h5 O-O 10. hxg6 hxg6 11. Ne5 Nxe5 12. dxe5 Nc5 13. Bc2 Ne6 14. Qg4 Nxf4
15. exf4 e6 16. O-O-O c5 17. Nc4 Qe7 18. Nd6 Bc6 19. Rh2 Rfd8 20. Rdh1 Rxd6 21.
Bxg6 Kf8 22. Rh8+ Bxh8 23. Rxh8+ Kg7 24. Bf5+ Kxh8 25. Qh5+ Kg7 26. Qh7+ 1-0

[Event "Montreal op"]
[Site "Montreal CAN"]
[Date "2010.09.12"]
[Round "5"]
[White "Leutschaft, Martin"]
[Black "Galbadrakh, Enkh-Amar"]
[Result "0-1"]
[WhiteElo "2121"]
[BlackElo "2206"]
[PlyCount "134"]
[EventDate "2010.09.10"]
[EventType "swiss"]
[EventRounds "5"]
[EventCountry "CAN"]

1. d4 Nf6 2. Nf3 e6 3. Bg5 d5 4. Nbd2 Be7 5. e3 Nbd7 6. Bd3 b6 7. c3 Bb7 8. O-O
Ne4 9. Bxe7 Qxe7 10. a4 a6 11. Qc2 f5 12. b4 O-O 13. Nb3 Rf6 14. Bxe4 fxe4 15.
Ne1 Rh6 16. f4 exf3 17. Nxf3 e5 18. g3 e4 19. Nh4 Qg5 20. Rf4 Rf8 21. Ng2 Rxf4
22. exf4 Qh5 23. Ne3 Nf6 24. Qf2 Bc8 25. Nd2 Ng4 26. Nxg4 Bxg4 27. Nf1 Be2 28.
Ne3 Bd3 29. g4 Qf7 30. Qg3 Rc6 31. Rc1 Rd6 32. f5 Qd7 33. Qe5 h6 34. Kf2 Qxa4
35. Kg3 Qa2 36. g5 hxg5 37. Ng4 Kf7 38. f6 gxf6 39. Qf5 Kg7 40. h4 Qd2 41. h5
Qf4+ 42. Qxf4 gxf4+ 43. Kxf4 a5 44. bxa5 bxa5 45. Ne3 Rd8 46. Rg1+ Kh7 47. Ng4
Rf8 48. Ra1 Be2 49. Ne3 c6 50. Rxa5 Bxh5 51. c4 Bf7 52. cxd5 cxd5 53. Nxd5 Bxd5
54. Rxd5 Re8 55. Ke3 Kg6 56. Ra5 f5 57. Ra1 Rb8 58. Kf4 Rb5 59. Ra6+ Kh5 60.
Rd6 Rb1 61. Kxf5 e3 62. Re6 Rf1+ 63. Ke5 e2 64. Kd5 e1=Q 65. Rxe1 Rxe1 66. Kd6
Kg6 67. d5 Kf6 0-1

[Event "Montreal op"]
[Site "Montreal CAN"]
[Date "2010.09.12"]
[Round "5"]
[White "Leveille, Francois"]
[Black "Bouchard, Jean-Marc"]
[Result "1-0"]
[WhiteElo "2283"]
[BlackElo "1771"]
[PlyCount "135"]
[EventDate "2010.09.10"]
[EventType "swiss"]
[EventRounds "5"]
[EventCountry "CAN"]

1. d4 e6 2. Nf3 d5 3. c4 Nf6 4. Nc3 Be7 5. Bg5 h6 6. Bh4 O-O 7. e3 a6 8. Bxf6
Bxf6 9. cxd5 exd5 10. Qb3 c6 11. Bd3 Re8 12. O-O Nd7 13. Rad1 Qb6 14. Qc2 Nf8
15. h3 Be6 16. Rb1 Re7 17. Rfc1 Rae8 18. b4 Qd8 19. a4 g5 20. b5 axb5 21. axb5
g4 22. hxg4 Bxg4 23. Nh2 Bd7 24. bxc6 bxc6 25. Na4 Bg5 26. Nb6 Re6 27. Nxd7
Nxd7 28. Bf5 Rd6 29. Bxd7 Qxd7 30. Rb6 Rc8 31. Rcb1 Qe6 32. Rb8 Rxb8 33. Rxb8+
Rd8 34. Qb3 Qd6 35. Rb7 Ra8 36. Qb1 Qe6 37. Nf3 Bf6 38. Rb8+ Rxb8 39. Qxb8+ Kg7
40. Qc7 h5 41. Kf1 h4 42. Qf4 Qe7 43. Qg4+ Kh6 44. Qf4+ Kg7 45. Kg1 c5 46. Qg4+
Kh6 47. dxc5 Qxc5 48. Nxh4 Bxh4 49. Qxh4+ Kg6 50. g4 f6 51. Qh5+ Kg7 52. Qf5
Qd6 53. g5 fxg5 54. Qxg5+ Kf7 55. Qf5+ Ke7 56. Qh7+ Kf8 57. Kg2 Qf6 58. Qc7
Qg6+ 59. Kf1 Qd3+ 60. Ke1 Ke8 61. Qe5+ Kf7 62. f3 Qb1+ 63. Kf2 Qc2+ 64. Kg3
Qg6+ 65. Kf4 Qh6+ 66. Kg4 Qg6+ 67. Qg5 Qd3 68. Qf5+ 1-0

[Event "Montreal op"]
[Site "Montreal CAN"]
[Date "2010.09.12"]
[Round "5"]
[White "Libersan, Thierry"]
[Black "Zhu, Hong Rui"]
[Result "1-0"]
[WhiteElo "2141"]
[BlackElo "1931"]
[PlyCount "63"]
[EventDate "2010.09.10"]
[EventType "swiss"]
[EventRounds "5"]
[EventCountry "CAN"]

1. e4 c5 2. Nf3 d6 3. d4 cxd4 4. Qxd4 Nc6 5. Bb5 Bd7 6. Bxc6 Bxc6 7. Nc3 Nf6 8.
Bg5 a6 9. O-O-O h6 10. Bxf6 gxf6 11. Qd3 e6 12. Nd4 Be7 13. f4 Rg8 14. Qh3 Bd7
15. g3 b5 16. a3 Qb8 17. f5 e5 18. Nb3 a5 19. Nd5 b4 20. axb4 axb4 21. Qxh6 Qd8
22. Qd2 Ba4 23. Qxb4 Bxb3 24. Qxb3 Rb8 25. Qd3 Qd7 26. b4 Qa4 27. Nxe7 Rxb4 28.
Nxg8 Qa1+ 29. Kd2 Qa5 30. Nxf6+ Kf8 31. Qxd6+ Kg7 32. Ke2 1-0

[Event "Montreal op"]
[Site "Montreal CAN"]
[Date "2010.09.12"]
[Round "5"]
[White "MacIsaac, Alexandre"]
[Black "Chiffot, Nicolas"]
[Result "0-1"]
[WhiteElo "1675"]
[BlackElo "2074"]
[PlyCount "64"]
[EventDate "2010.09.10"]
[EventType "swiss"]
[EventRounds "5"]
[EventCountry "CAN"]

1. e4 e5 2. Nf3 Nc6 3. Bb5 a6 4. Ba4 Nf6 5. O-O Be7 6. Re1 b5 7. Bb3 d6 8. c3
O-O 9. h3 Na5 10. Bc2 c5 11. d4 Qc7 12. Bg5 h6 13. Bh4 g6 14. Bg3 Nc6 15. dxe5
dxe5 16. Nbd2 Nh5 17. Bh2 Nf4 18. Nf1 Rd8 19. Qc1 Bf6 20. Ne3 Be6 21. a4 b4 22.
c4 Nd4 23. Bxf4 Nxf3+ 24. gxf3 exf4 25. Nd5 Qe5 26. Qxf4 Qxf4 27. Nxf4 Bxc4 28.
Rab1 Rd2 29. b3 Bd4 30. Kg2 Rxf2+ 31. Kg3 Rxc2 32. bxc4 Bf2+ 0-1

[Event "Montreal op"]
[Site "Montreal CAN"]
[Date "2010.09.12"]
[Round "5"]
[White "Miron, Francois"]
[Black "Guo, Forest"]
[Result "1/2-1/2"]
[WhiteElo "1990"]
[BlackElo "1864"]
[PlyCount "53"]
[EventDate "2010.09.10"]
[EventType "swiss"]
[EventRounds "5"]
[EventCountry "CAN"]

1. e4 c5 2. Nc3 e6 3. f4 Nc6 4. Nf3 a6 5. a4 b6 6. Bc4 Bb7 7. O-O Qc7 8. d3
Nge7 9. Qe1 O-O-O 10. Ng5 d5 11. Bb3 d4 12. Nxf7 dxc3 13. Bxe6+ Kb8 14. Qxc3
Nd4 15. Kh1 Nxe6 16. f5 Nd5 17. exd5 Qxf7 18. dxe6 Qf6 19. Bf4+ Bd6 20. Qxf6
gxf6 21. Kg1 Rhg8 22. g3 Kc7 23. Rae1 Rde8 24. Bxd6+ Kxd6 25. Rf4 Rg5 26. Kf2
h5 27. h3 1/2-1/2

[Event "Montreal op"]
[Site "Montreal CAN"]
[Date "2010.09.12"]
[Round "5"]
[White "Rainfray, Arnaud"]
[Black "Clyde, Jordan"]
[Result "1-0"]
[WhiteElo "2408"]
[BlackElo "1925"]
[PlyCount "125"]
[EventDate "2010.09.10"]
[EventType "swiss"]
[EventRounds "5"]
[EventCountry "CAN"]

1. e4 g6 2. d4 Bg7 3. Nc3 d6 4. g3 Nf6 5. Bg2 O-O 6. Nge2 c6 7. O-O e5 8. a4
Bg4 9. f3 Bd7 10. Be3 Na6 11. Qd2 Re8 12. Rad1 Qc8 13. g4 Rd8 14. h3 c5 15. d5
Nc7 16. Ng3 b5 17. axb5 Nxb5 18. Nxb5 Bxb5 19. Rf2 Qa6 20. h4 Qa2 21. Qc1 Rdb8
22. Bh6 Bd7 23. Bxg7 Kxg7 24. c3 Qb3 25. h5 h6 26. hxg6 fxg6 27. Bf1 g5 28. Rh2
Rh8 29. Be2 a5 30. Nf1 Rab8 31. Rd2 Qb6 32. Bc4 a4 33. Ne3 Kg6 34. Rh3 h5 35.
Rdh2 h4 36. Nf5 Ng8 37. Qe1 Rf8 38. Kh1 Nh6 39. Bd3 Nxf5 40. gxf5+ Kf6 41. Rg2
Rfg8 42. Rhh2 Rh7 43. Rg1 Qb3 44. Rhg2 Rhg7 45. Bc2 Qc4 46. Qe3 Qb5 47. Ra1 Ra8
48. Bd3 Qb6 49. Qf2 Bb5 50. Bc2 Qb7 51. f4 exf4 52. e5+ dxe5 53. Qxc5 Rd8 54.
c4 h3 55. Rd2 Be8 56. Qf8+ Qf7 57. Qh8 Rc8 58. Qh6+ Ke7 59. Bxa4 Bxa4 60. Rxa4
Kf8 61. f6 Kg8 62. fxg7 Qxg7 63. Qe6+ 1-0

[Event "Montreal op"]
[Site "Montreal CAN"]
[Date "2010.09.12"]
[Round "5"]
[White "Robichaud, Louis"]
[Black "Roy, Myriam"]
[Result "1-0"]
[WhiteElo "2048"]
[BlackElo "1851"]
[PlyCount "57"]
[EventDate "2010.09.10"]
[EventType "swiss"]
[EventRounds "5"]
[EventCountry "CAN"]

1. e4 c5 2. Nc3 d6 3. g3 g6 4. Bg2 Bg7 5. d3 Nc6 6. f4 e6 7. Nf3 Nge7 8. O-O
O-O 9. Be3 Nd4 10. e5 Nec6 11. exd6 Qxd6 12. Ne4 Qc7 13. c3 Nxf3+ 14. Qxf3 c4
15. dxc4 Na5 16. c5 Bd7 17. Qe2 a6 18. Nd6 Bc6 19. Rad1 Rfd8 20. Bh3 Be8 21.
Bf2 Nc6 22. Bg2 Rab8 23. Rfe1 Ne7 24. Nxe8 Rxe8 25. Rd3 Rbd8 26. Red1 Rxd3 27.
Qxd3 Nc6 28. Qd7 Qb8 29. Bxc6 1-0

[Event "Montreal op"]
[Site "Montreal CAN"]
[Date "2010.09.12"]
[Round "5"]
[White "Sambuev, Bator"]
[Black "Bolduc, Steve"]
[Result "1-0"]
[WhiteElo "2640"]
[BlackElo "2281"]
[PlyCount "41"]
[EventDate "2010.09.10"]
[EventType "swiss"]
[EventRounds "5"]
[EventCountry "CAN"]

1. d4 Nf6 2. c4 c5 3. d5 e6 4. Nc3 exd5 5. cxd5 d6 6. e4 g6 7. Nf3 Bg7 8. Bb5+
Nbd7 9. a4 O-O 10. O-O Qe7 11. Re1 Nh5 12. Bg5 Bf6 13. Bh6 Bg7 14. Bxg7 Kxg7
15. e5 dxe5 16. d6 Qe6 17. Bxd7 Bxd7 18. Rxe5 Qg4 19. h3 Qb4 20. Nd5 Qxb2 21.
Re2 1-0

[Event "Montreal op"]
[Site "Montreal CAN"]
[Date "2010.09.12"]
[Round "5"]
[White "Yuan, Yuanling"]
[Black "Gras, Guillaume"]
[Result "1-0"]
[WhiteElo "2363"]
[BlackElo "2076"]
[PlyCount "69"]
[EventDate "2010.09.10"]
[EventType "swiss"]
[EventRounds "5"]
[EventCountry "CAN"]

1. e4 Nf6 2. e5 Nd5 3. d4 d6 4. Nf3 dxe5 5. Nxe5 g6 6. c4 Nb6 7. Be2 Bg7 8. O-O
O-O 9. Nc3 Nc6 10. Nxc6 bxc6 11. Be3 Ba6 12. b3 c5 13. dxc5 Bxc3 14. cxb6 axb6
15. Rc1 Bg7 16. Bf3 Rb8 17. Qc2 c5 18. Rfd1 Qc7 19. Rd2 Bc8 20. Rcd1 f5 21. g3
e5 22. Bd5+ Kh8 23. f3 Ba6 24. b4 Rbe8 25. bxc5 bxc5 26. Qa4 f4 27. Bf2 Bc8 28.
Qc6 Qxc6 29. Bxc6 fxg3 30. hxg3 Bh6 31. Rd6 Re6 32. Bxc5 Rff6 33. Rd8+ Kg7 34.
Rxc8 Rxc6 35. Rd7+ 1-0

[Event "Montreal op U1600"]
[Site "Montreal CAN"]
[Date "2010.09.10"]
[Round "1"]
[White "Epure, Doru"]
[Black "Roy, Stephane"]
[Result "0-1"]
[WhiteElo "1227"]
[BlackElo "1457"]
[PlyCount "30"]
[EventDate "2010.09.10"]
[EventType "swiss"]
[EventRounds "5"]
[EventCountry "CAN"]

1. e4 e5 2. Nf3 d5 3. exd5 e4 4. Ng1 f5 5. Nc3 Nf6 6. d3 Bb4 7. Bg5 O-O 8. Bxf6
Qxf6 9. Nge2 f4 10. dxe4 f3 11. Nd4 fxg2 12. f3 gxh1=Q 13. Qd3 Qh4+ 14. Ke2
Q4xh2+ 15. Ke3 Q1g1# 0-1

[Event "Montreal op U1600"]
[Site "Montreal CAN"]
[Date "2010.09.10"]
[Round "1"]
[White "Harbi, Imed"]
[Black "Hanna, Frederic"]
[Result "0-1"]
[WhiteElo "1300"]
[BlackElo "1564"]
[PlyCount "124"]
[EventDate "2010.09.10"]
[EventType "swiss"]
[EventRounds "5"]
[EventCountry "CAN"]

1. Nf3 d5 2. g3 c5 3. Bg2 Nc6 4. O-O Bf5 5. d3 Nf6 6. Nbd2 e6 7. Nh4 Bg6 8.
Nxg6 hxg6 9. e4 Qc7 10. Re1 O-O-O 11. c3 Bd6 12. a3 Rh7 13. Qe2 Rdh8 14. Nf3
Ng4 15. h3 Nxf2 16. e5 Nxe5 17. Kxf2 Nc6 18. Bf4 Bxf4 19. gxf4 Qxf4 20. Qe3 g5
21. Qxf4 gxf4 22. Rh1 Rh5 23. Rae1 b5 24. h4 Kd7 25. Rh3 f6 26. Reh1 Kd6 27.
Ng1 Ne5 28. Bf3 R5h6 29. Be2 d4 30. Nf3 Ng4+ 31. Ke1 e5 32. cxd4 Ne3 33. dxe5+
fxe5 34. Ng5 Rf8 35. Ne4+ Kc6 36. Kd2 Nf5 37. Bf3 Nd4 38. Ng5+ Kd6 39. Be4 Ne6
40. Nxe6 Kxe6 41. Rg1 Kf6 42. Rg5 g6 43. Rg1 Rfh8 44. Rgh1 Ke6 45. Rg1 Kf6 46.
Rgh1 Ke7 47. Bf3 Rd8 48. h5 g5 49. Rg1 Kf6 50. Be4 Rdh8 51. Rgh1 g4 52. Rh4 Kg5
53. Bg6 Rf8 54. Ke2 f3+ 55. Kf2 Rf4 56. Be4 c4 57. Bg6 cxd3 58. Bxd3 Rd4 59.
Ke3 Rhd6 60. Bf5 Kxf5 61. h6 Rd3+ 62. Kf2 Rd2+ 0-1

[Event "Montreal op U1600"]
[Site "Montreal CAN"]
[Date "2010.09.11"]
[Round "2"]
[White "St-Cyr, Xavier"]
[Black "Harbi, Imed"]
[Result "1-0"]
[WhiteElo "1080"]
[BlackElo "1300"]
[PlyCount "81"]
[EventDate "2010.09.10"]
[EventType "swiss"]
[EventRounds "5"]
[EventCountry "CAN"]

1. e4 Nf6 2. Nc3 d5 3. exd5 Nxd5 4. Nxd5 Qxd5 5. d4 Qe4+ 6. Be3 Nc6 7. Qd3 Qd5
8. Qc4 Qd8 9. Nf3 Be6 10. Qc3 Bd5 11. Bb5 a6 12. Ba4 b5 13. Bb3 e5 14. Bxd5
Qxd5 15. O-O e4 16. Ng5 Be7 17. Nh3 Bb4 18. Nf4 Qd7 19. Qb3 Bd6 20. Rae1 O-O
21. c3 Ne7 22. Bd2 Qf5 23. Nh3 Ng6 24. Qc2 Rfe8 25. f3 Nf4 26. Nxf4 Bxf4 27.
Bxf4 Qxf4 28. Rxe4 Rxe4 29. Qxe4 Qxe4 30. fxe4 Rc8 31. Ra1 c6 32. a4 Kf8 33.
axb5 axb5 34. Ra6 Ke7 35. Kf2 Kd7 36. Ra7+ Ke6 37. Ke3 c5 38. Ra6+ Ke7 39. Rb6
cxd4+ 40. Kxd4 Rc4+ 41. Kd5 1-0

[Event "Montreal op U1600"]
[Site "Montreal CAN"]
[Date "2010.09.11"]
[Round "3"]
[White "Harbi, Imed"]
[Black "Dubois, Lorraine"]
[Result "0-1"]
[WhiteElo "1300"]
[BlackElo "1184"]
[PlyCount "80"]
[EventDate "2010.09.10"]
[EventType "swiss"]
[EventRounds "5"]
[EventCountry "CAN"]

1. e4 d5 2. exd5 Qxd5 3. Nf3 Bg4 4. Be2 Nf6 5. Nc3 Qd8 6. d4 c6 7. O-O e6 8.
Ne5 Bxe2 9. Qxe2 Qxd4 10. Rd1 Qb6 11. Nc4 Qc7 12. Bg5 Nbd7 13. Rd3 Be7 14. Rad1
O-O-O 15. Ne4 Nc5 16. Nxc5 Bxc5 17. Rxd8+ Rxd8 18. Rxd8+ Qxd8 19. h3 h6 20. Bf4
Qd5 21. Qe5 Qxe5 22. Nxe5 Nd5 23. Bd2 f6 24. Nd3 Bd6 25. Kf1 c5 26. Ke2 c4 27.
Ne1 Nb4 28. Bxb4 Bxb4 29. c3 Bd6 30. Ke3 Kd7 31. g4 b5 32. Nc2 Bc5+ 33. Ke2 g5
34. Ne1 Kd6 35. Kf3 Kd5 36. Nc2 a5 37. Ne3+ Ke5 38. b3 cxb3 39. axb3 a4 40.
bxa4 bxa4 0-1

[Event "Montreal op U2000"]
[Site "Montreal CAN"]
[Date "2010.09.10"]
[Round "1"]
[White "Morin, Louis"]
[Black "Xu, Tian Run"]
[Result "1-0"]
[WhiteElo "1857"]
[BlackElo "1602"]
[PlyCount "97"]
[EventDate "2010.09.10"]
[EventType "swiss"]
[EventRounds "5"]
[EventCountry "CAN"]

1. e4 c5 2. d4 cxd4 3. c3 d6 4. cxd4 e6 5. Nc3 Be7 6. Nf3 Nf6 7. Bd3 O-O 8. O-O
a6 9. Qe2 b5 10. e5 dxe5 11. dxe5 Nd5 12. Rd1 Bb7 13. Nxd5 exd5 14. Be4 b4 15.
Bf4 Qa5 16. Bc2 Nd7 17. Nd4 Rfe8 18. Nf5 Qb6 19. Bb3 Bf6 20. Bxd5 Nxe5 21. Bxb7
Qxb7 22. Nd6 Nf3+ 23. Qxf3 Qxf3 24. gxf3 Re2 25. Nc4 Bxb2 26. Kf1 Rae8 27. Nxb2
Rxb2 28. Rd2 Rxd2 29. Bxd2 a5 30. a3 Rd8 31. Ke2 Re8+ 32. Kd1 Rd8 33. axb4 axb4
34. Kc2 b3+ 35. Kxb3 f6 36. Be3 Kf7 37. Kc3 Kg6 38. Rg1+ Kf7 39. Kc4 g5 40. f4
h6 41. f5 Ke7 42. Re1 Kf7 43. Bc5 Rd7 44. Re6 Rc7 45. Kd5 Rb7 46. Bd4 Rb5+ 47.
Ke4 h5 48. Rxf6+ Ke7 49. Rh6 1-0

[Event "Montreal op U2000"]
[Site "Montreal CAN"]
[Date "2010.09.11"]
[Round "2"]
[White "Yun, Chang"]
[Black "Morin, Louis"]
[Result "0-1"]
[WhiteElo "1735"]
[BlackElo "1857"]
[PlyCount "62"]
[EventDate "2010.09.10"]
[EventType "swiss"]
[EventRounds "5"]
[EventCountry "CAN"]

1. e4 e5 2. Nf3 d6 3. d4 Nf6 4. Nc3 Nbd7 5. Bc4 Be7 6. Ng5 O-O 7. Bxf7+ Rxf7 8.
Ne6 Qe8 9. Nxc7 Qd8 10. Nxa8 b5 11. f3 Bb7 12. O-O b4 13. Ne2 Qxa8 14. d5 Ba6
15. a3 b3 16. cxb3 Nc5 17. b4 Nd3 18. Qc2 Nxe4 19. Be3 Nf6 20. Qc6 Qxc6 21.
dxc6 Bd8 22. Nc3 d5 23. b5 d4 24. bxa6 Nxb2 25. Ne4 dxe3 26. Nxf6+ gxf6 27. Kh1
Ba5 28. Rfb1 Bc3 29. Ra2 e2 30. Raxb2 Bxb2 31. Re1 Rc7 0-1

[Event "Montreal op U2000"]
[Site "Montreal CAN"]
[Date "2010.09.11"]
[Round "3"]
[White "Morin, Louis"]
[Black "Nardone, Raul"]
[Result "1/2-1/2"]
[WhiteElo "1857"]
[BlackElo "1794"]
[PlyCount "95"]
[EventDate "2010.09.10"]
[EventType "swiss"]
[EventRounds "5"]
[EventCountry "CAN"]

1. e4 c5 2. d4 cxd4 3. c3 dxc3 4. Nxc3 Nc6 5. Nf3 d6 6. Bc4 e6 7. O-O a6 8. Qe2
b5 9. Bb3 Be7 10. Rd1 Na5 11. Bf4 Qb6 12. Be3 Qb8 13. Rac1 Nxb3 14. axb3 Nf6
15. Nd4 Bd7 16. f3 O-O 17. Qf2 Qb7 18. g4 b4 19. Na4 Bxa4 20. bxa4 Rac8 21. Nb3
Rxc1 22. Rxc1 Rc8 23. Rxc8+ Qxc8 24. g5 Nd7 25. Kg2 Ne5 26. Nd4 d5 27. Qc2 Nc4
28. Bc1 e5 29. Nf5 Bf8 30. b3 dxe4 31. fxe4 Nd6 32. Qxc8 Nxc8 33. Kf3 Nd6 34.
Nxd6 Bxd6 35. Be3 Kf8 36. Ke2 Ke7 37. Kd3 Kd7 38. Kc4 Kc6 39. a5 Be7 40. Bd2 f6
41. h4 fxg5 42. hxg5 Bc5 43. Bc1 Bd6 44. Be3 Be7 45. Bd2 Bc5 46. Bc1 Be7 47.
Be3 Bd6 48. Bd2 1/2-1/2

[Event "Montreal op U2000"]
[Site "Montreal CAN"]
[Date "2010.09.12"]
[Round "4"]
[White "Gelet, Seymour"]
[Black "Morin, Louis"]
[Result "0-1"]
[WhiteElo "1932"]
[BlackElo "1857"]
[PlyCount "104"]
[EventDate "2010.09.10"]
[EventType "swiss"]
[EventRounds "5"]
[EventCountry "CAN"]

1. d4 e5 2. d5 Bc5 3. c4 d6 4. Nc3 f5 5. Nf3 Nf6 6. Bg5 Nbd7 7. e3 h6 8. Bxf6
Nxf6 9. Be2 O-O 10. O-O a6 11. Rc1 g5 12. Qc2 Bd7 13. Rfd1 Qe8 14. Nd2 Kg7 15.
Nb3 Ba7 16. Nb1 Ne4 17. N1d2 Nxd2 18. Rxd2 Qe7 19. c5 dxc5 20. Nxc5 Bxc5 21.
Qxc5 Qxc5 22. Rxc5 Rac8 23. Rdc2 Kf6 24. Rxc7 Ke7 25. e4 Kd6 26. Rxc8 Rxc8 27.
Rxc8 Bxc8 28. f3 Kc5 29. Kf2 Kd4 30. d6 fxe4 31. fxe4 Kc5 32. Kg3 Kxd6 33. h4
Be6 34. b3 a5 35. hxg5 hxg5 36. Bg4 Bf7 37. Be2 Be6 38. Bg4 Bf7 39. Bc8 Kc7 40.
Bf5 Bh5 41. Kf2 Kd6 42. Kg3 Kc5 43. Bg4 Bxg4 44. Kxg4 Kd4 45. Kxg5 Kxe4 46. Kf6
Kd4 47. g4 e4 48. g5 e3 49. g6 e2 50. g7 e1=Q 51. g8=Q Qe5+ 52. Kf7 Qd5+ 0-1